000 00620nam a2200205 4500
001 113722
003 ES-MaACL
007 t|
008 061121s1953 sp r ||||1| spa d
100 1 _aPalewski, Jean-Paul.
_988557
245 1 3 _aLa organización científica del trabajo /
_cJuan Pablo Palewski ; versión española de Domingo Ventalló.
250 _a1ª ed. española.
260 _aBarcelona [etc.] :
_bSalvat,
_c1953.
300 _a148 p. ;
_c17 cm.
490 1 _aSurco
700 1 _aVentalló, Domingo.
_9113895
830 0 _aSurco
_9181374
852 _aES-MaACL
_jC-6365
_bR.35128
999 _c113722
_d113722